La historia por la historia: crítica de la historiografía actual

Gespeichert in:
Bibliographische Detailangaben
1. Verfasser: Villalobos R., Sergio (VerfasserIn)
Format: Buch
Sprache:Spanisch
Veröffentlicht: Santiago Globo Editores 2011
Schriftenreihe:Colección Pensamiento Histórico
Schlagworte:
Tags: Tag hinzufügen
Keine Tags, Fügen Sie den ersten Tag hinzu!

MARC

LEADER 00000cam a2200000 a 4500
001 UCG7741
003 CL-VaPUC
008 110905e20110000CL |||||||||||||||||spa|d
020 |a 9789568663162 
082 0 4 |a 907.2  |b VIL  |2 21 
100 0 |a Villalobos R., Sergio  |e author  |9 558262 
245 1 3 |a La historia por la historia: crítica de la historiografía actual 
300 |a 103 p 
942 |c BK 
945 |d 20110905 00:00:00  |a dcastane 
260 |a Santiago  |b Globo Editores  |c 2011 
650 0 |a Historiografía   |9 257871 
650 0 |a Fuentes de la historia  |9 323547 
650 0 |a Historiadores  |9 314498 
583 |a last modification  |c 20110905 13:21:00  |k Rodrigo Vera 
490 0 |a Colección Pensamiento Histórico 
999 |c 345511  |d 345509 
952 |0 0  |1 0  |4 0  |6 907_200000000000000_VIL_2011  |7 0  |8 A  |9 444297  |a BIBHIS  |b BIBHIS  |d 2019-11-22  |i 4790650  |o 907.2 VIL 2011  |p 4790650  |r 2025-01-20  |w 2019-11-22  |y BK  |k HIS 
952 |0 0  |1 0  |3 erb  |4 0  |6 907_200000000000000_VIL_2011  |7 0  |8 A  |9 444298  |a BIBHIS  |b BIBHIS  |i 5456037  |o 907.2 VIL 2011  |p 5456037  |r 2025-01-20  |w 2019-11-22  |y BK  |z Catalogado en:20180316  |k HIS